MDQL
is popping MORE tags! Check the
thread
!
Quizzes
Events
Quiz Creation
Community
Videos
Private Events
Remove Ads
Sign In
Join for FREE
Feedback
Dark Mode
Quiz Categories
Sports
Geography
Music
Movies
Television
Just For Fun
Miscellaneous
History
Literature
Language
Science
Gaming
Entertainment
Religion
Holiday
For Kids
Quiz Lab
Recent
Popular Today
Quiz Kudos Today
Editor Picks
Curator Picks
Quizzes by...
Day
Popularity
Type
Ratings
Length
Year
Community
Subscriptions
Recent Discussions
Orange Saloon
Badges
Playlists
Quests
Create
Leaderboards
Showdown
Live 5
Trivia Bingo
Activity
Puzzle Library
Sporcle Events
Private Events
Virtual Trivia
Globe League
Become a Host
Pub Owners
SporcleCon
Opinionation
Our Games
Videos
Blog
Mobile Apps
Partnerships
Remove Ads and Go Orange
Feedback
Miscellaneous
Crossword
General Knowledge
Baby Names
Logo
Food
Cars
Numbers
Grab Bag
University
College
Popular
Company
Slogans
Restaurants
Justice
Letter
Miscellaneous
Crossword
General Knowledge
Baby Names
Logo
Food
Cars
Numbers
Grab Bag
University
College
Popular
Company
Slogans
Restaurants
Justice
Letter
Random Quiz
Search Sporcle
×
Quiz Lab
Quiz Lab
Miscellaneous
Boy
Type in answers that appear in a list
Type in answers that appear in a list
Classic
Best Score? Go Orange.
Top 300 Baby Boy Names of 1942 in the U.S. Stats
Can you name the Top 300 Baby Boy Names of 1942 in the U.S.?
By
quizez
20m
300 Questions
204 Plays
204 Plays
204 Plays
Comments
Comments
Give Quiz Kudos
Give Quiz Kudos
-
- Ratings
hide this ad
More Info
Replay
Link that replays current quiz
Next Quiz
Link to next quiz in quiz playlist
You Got
0%
They Got
Avg Score
68%
Avg Friend Score
Upgrade to see
Score Distribution
Jump to the score distribution portion of the page
Score
0/300
Timer
20:00
0
Plays Today
1942
Baby Names
% Correct
3.
John
98%
4.
William
97.5%
2.
Robert
97%
1.
James
95.6%
19.
Paul
95.6%
48.
Harry
95.6%
5.
Richard
95.1%
39.
Peter
95.1%
72.
Don
95.1%
147.
Dan
95.1%
7.
Charles
94.6%
10.
Donald
94.6%
28.
Daniel
94.6%
31.
Henry
94.6%
13.
Michael
94.1%
102.
Steve
94.1%
150.
Jose
94.1%
6.
David
93.6%
21.
Frank
93.6%
34.
Jack
93.6%
14.
George
93.1%
17.
Edward
93.1%
56.
Johnny
92.6%
75.
Steven
92.6%
109.
Bob
92.6%
11.
Joseph
92.1%
65.
Bill
92.1%
80.
Andrew
92.1%
8.
Thomas
91.6%
44.
Anthony
91.6%
117.
Mark
91.6%
125.
Jon
91.6%
32.
Stephen
91.1%
33.
Joe
91.1%
74.
Jim
91.1%
89.
Tom
91.1%
152.
Sam
91.1%
186.
Ben
91.1%
43.
Bobby
90.6%
47.
Jimmy
90.6%
118.
Charlie
90.6%
36.
Carl
90.1%
59.
Samuel
90.1%
64.
Patrick
90.1%
129.
Benjamin
90.1%
35.
Billy
89.7%
120.
Leo
89.7%
293.
Ron
89.7%
15.
Kenneth
89.2%
101.
Vincent
89.2%
111.
Danny
89.2%
248.
Pat
89.2%
9.
Ronald
88.7%
16.
Jerry
88.7%
27.
Harold
88.7%
99.
Victor
88.7%
183.
Alexander
88.7%
215.
Alex
88.7%
239.
Pete
88.7%
81.
Alan
87.7%
139.
Brian
87.7%
142.
Nicholas
87.7%
249.
Kevin
87.7%
30.
Lawrence
87.2%
46.
Fred
87.2%
189.
Matthew
87.2%
12.
Larry
86.7%
85.
Martin
86.7%
243.
Jonathan
86.7%
22.
Gerald
86.2%
40.
Albert
86.2%
57.
Leonard
86.2%
71.
Allen
86.2%
73.
Tommy
86.2%
86.
Eddie
86.2%
93.
Leon
86.2%
116.
Jeffrey
86.2%
103.
Franklin
85.7%
165.
Gregory
85.7%
58.
Francis
85.2%
106.
Mike
85.2%
29.
Arthur
84.7%
145.
Tony
84.7%
195.
Christopher
84.7%
254.
Nathan
84.7%
26.
Walter
84.2%
76.
Alfred
84.2%
108.
Timothy
84.2%
162.
Dave
84.2%
172.
Oscar
84.2%
228.
Oliver
84.2%
18.
Gary
83.7%
20.
Dennis
83.7%
84.
Ray
83.7%
264.
Tim
83.7%
24.
Raymond
83.3%
51.
Louis
83.3%
283.
Isaac
83.3%
68.
Frederick
82.8%
77.
Phillip
82.8%
1942
Baby Names
% Correct
91.
Theodore
82.8%
54.
Philip
82.3%
122.
Keith
82.3%
42.
Roy
81.8%
182.
Eric
81.8%
25.
Roger
81.3%
188.
Nathaniel
81.3%
252.
Jacob
81.3%
37.
Willie
80.8%
53.
Norman
80.8%
66.
Marvin
80.8%
38.
Ralph
80.3%
49.
Howard
80.3%
151.
Dean
80.3%
210.
Juan
80.3%
237.
Aaron
80.3%
97.
Warren
79.8%
52.
Terry
79.3%
61.
Ernest
79.3%
87.
Lee
79.3%
124.
Allan
79.3%
136.
Calvin
79.3%
23.
Douglas
78.8%
41.
Wayne
78.8%
50.
Bruce
78.8%
78.
Ronnie
78.8%
79.
Barry
78.8%
105.
Edwin
78.8%
112.
Lewis
78.3%
156.
Ted
77.8%
55.
Stanley
77.3%
258.
Antonio
77.3%
160.
Neil
76.4%
164.
Edgar
76.4%
192.
Donnie
76.4%
257.
Scott
76.4%
294.
Jeff
76.4%
134.
Joel
75.9%
259.
Nick
75.9%
221.
Carlos
75.4%
170.
Max
73.9%
90.
Bernard
73.4%
137.
Chester
73.4%
144.
Glen
73.4%
45.
Eugene
72.9%
62.
Earl
72.9%
126.
Lester
72.9%
133.
Jay
72.4%
83.
Herbert
71.9%
138.
Johnnie
71.9%
140.
Freddie
71.9%
70.
Russell
71.4%
100.
Jesse
71.4%
115.
Alvin
71.4%
272.
Ivan
71.4%
95.
Clifford
70.9%
242.
Terrence
70.9%
271.
Mitchell
70.9%
121.
Herman
70.4%
130.
Arnold
70.4%
88.
Glenn
70%
92.
Gordon
70%
123.
Rodney
70%
179.
Karl
69.5%
82.
Gene
69%
166.
Maurice
69%
174.
Morris
69%
67.
Clarence
68.5%
94.
Jimmie
68.5%
154.
Wesley
68.5%
155.
Hugh
68.5%
104.
Jerome
68%
114.
Vernon
67.5%
193.
Sammy
67%
69.
Leroy
66.5%
96.
Lloyd
66.5%
180.
Benny
66.5%
60.
Melvin
66%
98.
Curtis
66%
175.
Craig
65.5%
289.
Billie
65.5%
261.
Teddy
65%
299.
Owen
64.5%
107.
Harvey
64%
171.
Stuart
64%
141.
Milton
63.5%
113.
Floyd
63.1%
206.
Clinton
63.1%
211.
Dwight
63.1%
213.
Clayton
63.1%
241.
Ross
63.1%
63.
Dale
62.6%
226.
Reginald
62.6%
245.
Clark
62.6%
191.
Earnest
62.1%
110.
Clyde
61.1%
128.
Gilbert
61.1%
231.
Edmund
61.1%
127.
Leslie
60.6%
167.
Jessie
60.6%
1942
Baby Names
% Correct
196.
Guy
60.6%
296.
Bert
60.6%
205.
Randall
60.1%
250.
Julian
60.1%
184.
Dick
59.6%
251.
Darrel
59.6%
149.
Claude
59.1%
247.
Jesus
59.1%
173.
Marshall
58.6%
290.
Angelo
58.1%
181.
Nelson
57.1%
201.
Hubert
57.1%
209.
Kent
57.1%
214.
Wilbur
57.1%
131.
Duane
56.7%
212.
Perry
56.7%
263.
Ruben
56.7%
153.
Manuel
56.2%
219.
Laurence
56.2%
216.
Archie
55.7%
158.
Elmer
55.2%
161.
Everett
55.2%
194.
Gerard
55.2%
235.
Troy
54.7%
236.
Neal
54.7%
119.
Jackie
54.2%
157.
Wallace
54.2%
178.
Bennie
54.2%
135.
Darrell
53.7%
222.
Rudolph
53.2%
230.
Tommie
53.2%
260.
Carlton
53.2%
277.
Rudy
53.2%
291.
Mickey
53.2%
204.
Ira
52.7%
207.
Otis
52.7%
199.
Fredrick
51.7%
218.
Loren
51.2%
169.
Sidney
50.7%
285.
Preston
50.7%
286.
Orville
50.7%
176.
Lyle
50.2%
198.
Clifton
50.2%
224.
Byron
50.2%
143.
Roland
49.8%
148.
Lonnie
49.8%
240.
Julius
49.8%
280.
Wilson
49.8%
185.
Luther
49.3%
270.
Frankie
49.3%
132.
Cecil
48.8%
203.
Garry
48.8%
208.
Horace
48.8%
246.
Randolph
48.8%
255.
Micheal
48.8%
256.
Rex
48.8%
244.
Sherman
48.3%
190.
Mack
46.8%
202.
Homer
45.3%
279.
Darryl
44.8%
282.
Ramon
43.3%
287.
Irvin
42.9%
220.
Willis
41.4%
168.
Virgil
40.4%
163.
Marion
39.4%
227.
Alton
39.4%
269.
Ellis
39.4%
275.
Woodrow
39.4%
292.
Sheldon
38.9%
295.
Sammie
38.9%
187.
Wendell
37.9%
233.
Salvatore
37.9%
297.
Junior
36.9%
268.
Ervin
36.5%
232.
Myron
36%
234.
Malcolm
35.5%
276.
Conrad
35%
159.
Willard
34.5%
146.
Lynn
34%
253.
Winston
34%
281.
Rufus
33.5%
229.
Roosevelt
33%
278.
Elbert
33%
267.
Sylvester
32.5%
197.
Delbert
30%
200.
Carroll
29.1%
300.
Forrest
29.1%
265.
Dewey
27.6%
274.
Grady
24.6%
217.
Leland
22.7%
284.
Eldon
21.7%
288.
Merle
19.2%
177.
Lowell
18.7%
223.
Jerald
18.7%
225.
Wilbert
18.7%
273.
Dallas
18.7%
266.
Buddy
15.3%
238.
Doyle
13.3%
262.
Jan
12.8%
298.
Lanny
2%
Quiz Playlist
Details
Report
Send in Message
Add To Playlist
More Info:
Type in the baby boy names that you think were popular in 1942 in the U.S. according to the ssa. Spellings are not combined.
Classic:
Type in answers that appear in a list
Last Updated: Nov 19, 2022
Quiz Scoreboard
CHALLENGE
Sign Up to Join the Scoreboard
Show All
Scores
Hide
Comments
May contain spoilers
Recently Published
Holiday 10x10 Sorting Gallery
by lukepisani3
Holiday
15m
Two Season TV Shows II
by 123Four
Television
10m
Image Sorting: Flags VI
by Barbecue
Geography
2m
More to Explore
Quiz From the Vault
Featured Blog Post
14 Easter Pick-up Lines to Find Eggs With
hide this ad
You Might Also Like...
Tags
1942
300
Baby
Boy
Today's Top Quizzes in Miscellaneous
Browse Miscellaneous
hide this ad
Today's Top Quizzes in Boy
Browse Boy
Top Contributed Quizzes in Miscellaneous
1
The JOE quick-fire general knowledge quiz: Day 174
2
9x9 Crossword: Disney Movie Titles
3
The JOE quick-fire general knowledge quiz: Day 173
4
5-to-1: Fast Food
5
9x9 Crossword: Charlie and the Chocolate Factory
6
9x9 Crossword: The Simpsons
7
9x9 Crossword: Flags
8
9x9 Crossword: Actors
9
9x9 Crossword: 2022 Movies
10
9x9 Crossword: Pixar Movie Titles
Explore More
Trending Topics
Anime
NBA
Kpop
Harry Potter
Crossword
Disney
Marvel
Puzzle
WWE
Soccer
The Office
NFL
Country
Pokémon
Song
hide this ad
More By:
quizez
Quiz
Plays
Rating
Category
Featured
Created
Duggar Family
2,091
5.00
Television
Jul 22, 2017
Bates Family Names
1,233
Television
May 4, 2018
Top 300 Baby Boy Names of 1955 in the U.S.
1,204
5.00
Miscellaneous
Sep 9, 2017
Top 300 Baby Girl Names in 1980 of the U.S.
877
5.00
Miscellaneous
Jun 6, 2017
Top 300 Baby Boy Names of 2022 in the U.S.
821
5.00
Miscellaneous
May 12, 2023
Go to Creator's Profile
Score Distribution
Quiz Creator Spotlight
quizez
Follow
Send a Message
Quizzes Created
-
Created Quiz Play Count
-
More By This Creator
Popular Quizzes Today
1
Find the US States - No Outlines Minefield
2
Colored Red Africa Blitz
3
Find the 'City' Movie
4
The Countries of the World
5
Find the US States
6
5x2 Blitz: Bands
7
Find the Countries of Europe - No Outlines Minefield
8
US States
More Miscellaneous Quizzes
Not the Obvious
Published
Trending Quizzes
Colored Red Europe Blitz I
Colored Red Europe Blitz II
Colored Red Africa Blitz II
Colored Red Europe Blitz III
Colored Red Africa Blitz III
Recently Updated
Odd Team Out - Big 4 Players
pecheneg
Quick Pick: 20 Twenties
pecheneg
March Madness Men's Triple Doubles
pecheneg
How Do You Spell That?
pecheneg
Godzilla Movies
pecheneg
Grab Bag: 4-10 Letters
pecheneg
2024 March Madness Bracket
pecheneg
Famous TV Couples
Peacemaker
Champions League XIs: Real Madrid
pecheneg
Largest US Cities 1790-2010
pecheneg
Trending Topics
Marvel
Anime
Kpop
Disney
Harry Potter
NBA
Crossword
The Office
NFL
Soccer
Country
Song
WWE
Pokémon
Puzzle
Your Account Isn't Verified!
In order to create a playlist on Sporcle, you need to verify the email address you used during registration. Go to your
Sporcle Settings
to finish the process.
Report this User
Report this user for behavior that violates our
Community Guidelines
.
Details:
Send Report
Go to the Sporcle.com Mobile Site →
Comments